Préfectures de France - Statistics

General Stats
  • This quiz has been taken 386 times
  • The average score is 73 of 101
Answer Stats
Département Préfecture % Correct
Bouches-du-Rhône (13) Marseille
97%
Paris (75) Paris
97%
Alpes-maritimes (06) Nice
96%
Gironde (33) Bordeaux
95%
Nord (59) Lille
95%
Rhône (69) Lyon
93%
Loire-atlantique (44) Nantes
93%
Calvados (14) Caen
92%
Bas-Rhin (67) Strasbourg
92%
Corse-du-Sud (2a) Ajaccio
91%
Herault (34) Montpellier
91%
Ille-et-Vilaine (35) Rennes
91%
Haute-Garonne (31) Toulouse
91%
Haute-Corse (2b) Bastia
90%
Côte-d’Or (21) Dijon
88%
Isère (38) Grenoble
88%
Territoire-de-Belfort (90) Belfort
86%
Charente-maritime (17) La rochelle
86%
Moselle (57) Metz
86%
Meurthe-et-Moselle (54) Nancy
86%
Loiret (45) Orléans
85%
Finistère (29) Quimper
85%
Puy-de-Dôme (63) Clermont-ferrand
84%
Pyrénées-orientales (66) Perpignan
84%
Seine-maritime (76) Rouen
84%
Var (83) Toulon
84%
Haute-Savoie (74) Annecy
83%
Indre-et-Loire (37) Tours
83%
Loire (42) Saint-Etienne
82%
Yevelines (78) Versailles
82%
Maine-et-Loire (49) Angers
81%
Pyrénées-atlantiques (64) Pau
81%
Somme (80) Amiens
80%
Ain (01) Bourg-en-Bresse
80%
Sarthe (72) Le Mans
80%
Gard (30) Nîmes
80%
Drôme (26) Valence
80%
Haut-Rhin (68) Colmar
79%
Doubs (25) Besançon
78%
Aude (11) Carcassonne
78%
La réunion (974) Saint-Denis
77%
Morbihan (56) Vannes
76%
Vaucluse (84) Avignon
75%
Aube (10) Troyes
75%
Hautes-Alpes (05) Gap
74%
Vienne (86) Poitiers
74%
Côtes-d’Armor (22) Saint Brieuc
74%
Cher (18) Bourges
73%
Savoie (73) Chambery
72%
Aveyron (12) Rodez
72%
Pas-de-Calais (62) Arras
71%
Haute-Vienne (87) Limoges
71%
Ariège (09) Foix
70%
Corrèze (19) Tulle
70%
Mayenne (53) Laval
69%
Landes (40) Mont-de-Marsan
69%
Nièvre (58) Nevers
68%
Dordogne (24) Périgueux
68%
Tarn (81) Albi
67%
Ardennes(08) Charleville-Mézière
67%
Haut-de-Seine (92) Nanterre
67%
Manche (50) Saint-lô
67%
Yonne (89) Auxerre
66%
Eure-et-Loir (28) Chartres
66%
Aisne (02) Laon
66%
Allier (03) Moullins
66%
Indre (36) Chateauroux
65%
Essone (91) Évry
65%
Vendée (85) La-roche-sur-yon
65%
Deux-Sèvres (79) Niort
65%
Charente (16) Angoulême
64%
Cantal (15) Aurillac
64%
Oise (60) Beauvais
64%
Val-de-Marne (94) Créteil
64%
Ardèche (07) Privas
64%
Hautes-Pyrénées (65) Tarbes
64%
Loir-et-Cher (41) Blois
63%
Vosges (88) Épinal
63%
Eure (27) Évreux
63%
Lot-et-Garonne (47) Agen
62%
Gers (32) Auch
62%
Seine-Saint-Denis (93) Bobigny
62%
Guyane (973) Cayenne
62%
Jura (39) Lons-le-Saunier
62%
Tarn-et-Garonne (82) Montauban
62%
Saône-et-Loire (71) Mâcon
61%
Alpes-de-Haute-Provence (04) Digne-les-Bains
60%
Seine-et-Marne (76) Melun
60%
Lozère (48) Mende
59%
Martinique (972) Fort-de-France
58%
Orne (61) Alençon
56%
Marne (51) Châlons-en-Champagne
56%
Creuse (23) Guéret
56%
Haute-Loire (43) Le-puy-en-velay
56%
Meuse (55) Bar-le-duc
55%
Lot (46) Cahors
54%
Val-d’Oise (95) Pontoise
50%
Haute-Saône (70) Vesoul
46%
Haute-Marne (52) Chaumont
45%
Guadeloupe (971) Basse-terre
42%
Mayotte (976) Dzaoudzi
5%
No matching quizzes found
Score Distribution
Percent of People with Each Score
Percentile by Number Answered
Your Score History
You have not taken this quiz